| 000 | 01819nam0a2200361 4500 | ||
|---|---|---|---|
| 001 | RU\NLR\bibl\1747513 | ||
| 005 | 20260407082750.0 | ||
| 010 |
_a978-5-4211-0037-9 _9100 |
||
| 021 |
_aRU _b2011-13880 _9983 |
||
| 035 | _a(nilc)RSL-KNO-004900224 | ||
| 035 | _a(NLR Aleph) 001738399 | ||
| 090 |
_a1443763 _c1443763 |
||
| 100 | _a20110309d2010 |||y0rusy50 ca | ||
| 101 | 0 | _arus | |
| 102 | _aRU | ||
| 105 | _ay ||||||||| | ||
| 200 | 1 |
_aМалый город в современной России _e(предварительные результаты полевых исследований) _fИн-т этнологии и антропологии им. Н. Н. Миклухо-Маклая Рос. акад. наук _gред.-сост.: д.ист.н., проф. М. Ю. Мартынова, д.ист.н. Е. С. Данилко _gрук. исслед.: акад. РАН В. А. Тишков |
|
| 210 |
_aМосква _cИЭА РАН _d2010 |
||
| 215 |
_a221 с. _d20 |
||
| 606 | 1 |
_aМалые города _jСборники _xСоциологические исследования _yРоссийская Федерация _92626990 _3RU\NLR\auth\661563550 |
|
| 610 | 0 | _aмалые города | |
| 686 |
_aУ049(2)22я43 _2rubbk |
||
| 686 | _aС550.661я43 | ||
| 686 | _aТ3(2)74-22я43 | ||
| 702 | 1 |
_4220 _8rus _7ca _aМартынова _bМ. Ю. _cд-р ист. наук, этнология _f1952- _gМарина Юрьевна _3RU\NLR\AUTH\773655 _9113648 |
|
| 712 | 0 | 2 |
_4570 _aИнститут этнологии и антропологии им. Н. Н. Миклухо-Маклая _cМосква _3RU\NLR\AUTH\888945 _9290397 |
| 801 | 0 |
_aRU _bRuMoRKP _c20110309 _grcr |
|
| 801 | 1 |
_aRU _bRuMoRGB _c20110309 |
|
| 801 | 2 |
_aRU _bNLR _c20110317 _grcr |
|
| 942 | _cBOOK | ||
| 980 | _aNB | ||